000 00665nam a2200241Ia 4500
003 OSt
005 20221005121448.0
006 a|||||r|||| 00| 0
007 ta
008 221004b |||||||| |||| 00| 0 eng d
024 _a40320
037 _cTextual
040 _aCRL
_cCRL
_beng
041 _2eng
_aeng
082 _aO:6L76x, F7.11
100 _aLandor Walter Savage
245 0 _aHigh and low life in Italy ed by T Earle Welby
260 _c1927
490 _aComplete works of Walter Savage Landor; 11
650 _aENGLISH LITERATURE
942 _hO:6L76x, F7.11
_cTEXL
_2cc
999 _c1041217
_d1041217